<The> Life cycle of a start-up
Rozdiely v žvotnom cykle malých podnikov a start-upov. Modely životných cyklov podľa viacerých autorov.
Gespeichert in:
| 1. Verfasser: | |
|---|---|
| Format: | Buchkapitel |
| Sprache: | Englisch |
| Schlagworte: | |
| Tags: |
Keine Tags, Fügen Sie das erste Tag hinzu!
|
MARC
| LEADER | 00000nla$a2200000$$$4500 | ||
|---|---|---|---|
| 001 | 0226558 | ||
| 005 | 20240502073729.0 | ||
| 041 | 0 | |a eng | |
| 044 | |a SK | ||
| 245 | 1 | 0 | |a <The> Life cycle of a start-up |c Ráchel Matušková |
| 520 | |a Rozdiely v žvotnom cykle malých podnikov a start-upov. Modely životných cyklov podľa viacerých autorov. | ||
| 610 | 2 | 0 | |a podnik |
| 610 | 2 | 0 | |a podnik malý |
| 610 | 2 | 0 | |a start-up |
| 610 | 2 | 0 | |a cyklus podniku životný |
| 610 | 2 | 0 | |a modely |
| 100 | 1 | |a Matušková, Ráchel, 1990- | |